The handbook of creative data analysis (Record no. 5006)

MARC details
000 -CABECERA
campo de control de longitud fija 01860cam a2200289 i 4500
001 - NÚMERO DE CONTROL
campo de control 9952903279105158
005 - FECHA Y HORA DE LA ÚLTIMA TRANSACCIÓN
campo de control 20251003171959.0
008 - DATOS DE LONGITUD FIJA--INFORMACIÓN GENERAL
campo de control de longitud fija 230714s2024 enka b 001#0 eng d
020 ## - NÚMERO INTERNACIONAL ESTÁNDAR DEL LIBRO
Número Internacional Estándar del Libro 9781447369561
035 ## - NÚMERO DE CONTROL DEL SISTEMA
Número de control de sistema (OCoLC)1390189980
035 ## - NÚMERO DE CONTROL DEL SISTEMA
Número de control de sistema (EXLNZ-01OCUL_NETWORK)994277461805151
040 ## - FUENTE DE LA CATALOGACIÓN
Centro catalogador/agencia de origen YDX
Lengua de catalogación eng
Normas de descripción rda
Centro/agencia transcriptor YDX
Centro/agencia modificador BDX
-- KIJ
-- OCLCO
-- YDX
041 ## - CÓDIGO DE LENGUA
Código de lengua del texto/banda sonora o título independiente eng
050 #4 - SIGNATURA TOPOGRÁFICA DE LA BIBLIOTECA DEL CONGRESO
Número de clasificación QA76.9.Q36
Número de documento/Ítem H36 2024
245 04 - MENCIÓN DE TÍTULO
Título The handbook of creative data analysis
Mención de responsabilidad, etc. / edited Helen Kara, Dawn Murray, and Alastair Roy.
260 ## - PUBLICACIÓN, DISTRIBUCIÓN, ETC.
Lugar de publicación, distribución, etc. Bristol :
Nombre del editor, distribuidor, etc. Policy Press,
Fecha de publicación, distribución, etc. 2024.
300 ## - DESCRIPCIÓN FÍSICA
Extensión xxiv, 481 pages :
Otras características físicas illustrations ;
Dimensiones 25 cm
504 ## - NOTA DE BIBLIOGRAFÍA, ETC.
Nota de bibliografía, etc. Includes bibliographical references and index.
520 ## - SUMARIO, ETC.
Sumario, etc. Creative research methods for data generation have expanded over recent decades and researchers are eager to take a creative approach to data analysis.<br/><br/>It is challenging to bring creativity into data analysis while retaining a systematic, rigorous, and ethical approach. Written by experts in the field, this handbook addresses these challenges. The chapters adapt analytical techniques in creative ways for novice and expert researchers. Existing and novel methods from analysis of quantitative data to embodied, performative, visual, written, arts-based, and collaborative analysis are featured with case examples that are transferable across disciplines.<br/><br/>This collection offers a definitive practical guide to creative data analysis.
650 #0 - PUNTO DE ACCESO ADICIONAL DE MATERIA--TÉRMINO DE MATERIA
Término de materia o nombre geográfico como elemento de entrada Quantitative research
9 (RLIN) 22003
650 #0 - PUNTO DE ACCESO ADICIONAL DE MATERIA--TÉRMINO DE MATERIA
Término de materia o nombre geográfico como elemento de entrada Creative ability in science
9 (RLIN) 26004
700 ## - ENTRADA AGREGADA--NOMBRE PERSONAL
Nombre de persona Kara, Helen
Término indicativo de función/relación editor
9 (RLIN) 26005
700 ## - ENTRADA AGREGADA--NOMBRE PERSONAL
Nombre de persona Murray, Dawn
Término indicativo de función/relación editor
9 (RLIN) 26006
700 ## - ENTRADA AGREGADA--NOMBRE PERSONAL
Nombre de persona Roy, Alastair
Término indicativo de función/relación editor
9 (RLIN) 26007
776 08 - ENTRADA DE FORMULARIO FÍSICO ADICIONAL
Información de relación/Frase instructiva de referencia Electronic version:
Título Handbook of creative data analysis.
Lugar, editor y fecha de publicación Bristol : Policy Press, an imprint of University of Bristol Press, 2024
Número Internacional Estándar del Libro 9781447369592
Número de control del registro (OCoLC)1454607536
942 ## - ELEMENTOS DE ENTRADA AGREGADA (KOHA)
Fuente del sistema de clasificación o colocación Clasificación de Library of Congress
Holdings
Estado de retiro Estado de pérdida Fuente del sistema de clasificación o colocación Estado dañado No para préstamo Biblioteca de origen Biblioteca actual Fecha de adquisición Total de préstamos Signatura topográfica completa Código de barras Fecha visto por última vez Número de copia Precio válido a partir de Tipo de ítem Koha
    Clasificación de Library of Congress     TBS Barcelona TBS Barcelona 03/10/2025   QA76.9.Q36 KAR B05742 03/10/2025 1 03/10/2025 Book

Powered by Koha